Active NFL QBS without a Career Playoff Win - Statistics

General Stats
  • This quiz has been taken 62 times
    50 since last reset
  • The average score is 5 of 13
Answer Stats
Total Games Started Playoff Losses QB % Correct
143 1 Derek Carr
66%
50 1 Justin Herbert
63%
52 1 Geno Smith
61%
93 1 Carson Wentz
54%
166 4 Andy Dalton
51%
55 0 Sam Darnold
41%
58 1 Kyler Murray
39%
80 1 Jameis Winston
37%
66 1 Teddy Bridgewater
37%
57 2 Mitch Trubisky
32%
48 0 Jacoby Brissett
24%
53 1 Tyrod Taylor
22%
48 0 Blaine Gabbert
17%
No matching quizzes found
Score Distribution
Percent of People with Each Score
Percentile by Number Answered
Your Score History
You have not taken this quiz since the last reset